K akciovým společnostem a podnikům se zahraniční majetkovou účastí (po vydání Obchodního zákoníku).

Problematika akciových spoločností a podnikov so zahraničnou účasťou (joint ventures) podľa novej právnej úpravy v Obchodnom zákonníku. Kritériá pri voľbe zahraničného partnera.

Gespeichert in:
Bibliographische Detailangaben
1. Verfasser: Marek, K.
Format: Buchkapitel
Sprache:Tschechisch
Schlagworte:
Tags: Tag hinzufügen
Keine Tags, Fügen Sie das erste Tag hinzu!

MARC

LEADER 00000naa a2200000 4500
001 r013731
005 20221205080317.0
041 0 |a cze 
044 |a SK 
245 1 0 |a K akciovým společnostem a podnikům se zahraniční majetkovou účastí (po vydání Obchodního zákoníku).  |c K. Marek 
520 |a Problematika akciových spoločností a podnikov so zahraničnou účasťou (joint ventures) podľa novej právnej úpravy v Obchodnom zákonníku. Kritériá pri voľbe zahraničného partnera. 
610 2 0 |a spoločnosti akciové 
610 2 0 |a joint ventures 
610 2 0 |a zákonník obchodný 
610 2 0 |a Slovensko 
100 1 |a Marek, K.